000 00452nam a2200169 a 4500
001 0000-9180
003 ELIB.Books
008 110520 2004
035 _a(ELIB.Books)0000-9332
082 _aB.Th
_bEd
100 _aEd Dee Na, Naw
245 _aVictorious Christian Living in Churches Today
260 _bInsein: Karen Baptist Theolgical Seminary
_c2004
650 _aThesis
942 _2ddc
_cBK
998 _cbat
_e2011-05-20
999 _c9180
_d9180